| 000 | 00995nam a2200265 a 4500 | ||
|---|---|---|---|
| 001 | BRCA_5405 | ||
| 005 | 20190320205049.0 | ||
| 008 | 731029s1929 nyua######---#000-0#eng-# | ||
| 041 | _aeng | ||
| 044 | _anyu | ||
| 050 | 4 |
_aZ2697.5 _b.L57 1929 |
|
| 245 | 1 | 0 |
_aList of books printed before 1601 _bin the Library of the Hispanic Society of America _ccompiled by Clara Louisa Penney |
| 260 |
_aNueva York _bOrder of the Trustees _c1929 |
||
| 300 |
_axiv, 274 p. _bil., 1 lámina _c19 cm. |
||
| 440 | 0 |
_aHispanic notes & monographs: essays, studies, and brief biographies issued by the Hispanic Society of America _97657 |
|
| 500 | _aM22 | ||
| 504 | _aBibliografía: p. xi-xiv | ||
| 650 | 1 | 4 |
_aLiteratura española _vBibliografías _913814 |
| 650 | 1 | 4 |
_aLibros ilustrados _ySiglos XV y XVI _97380 |
| 650 | 1 | 4 |
_aIncunables _97417 |
| 650 | 1 | 4 |
_aBibliografía _xPrimeros libros impresos _ySiglo XV y XVI _913815 |
| 700 | 1 |
_aPenney, Clara Louisa _ecompilador _913816 |
|
| 902 | _aGFM | ||
| 942 |
_2lcc _cB |
||
| 999 |
_c5099 _d5099 |
||